| 000 | 00590 a2200169 4500 | ||
|---|---|---|---|
| 999 |
_c4825 _d4825 |
||
| 020 | _a0908308485 | ||
| 050 | 0 | 0 | _aPL 8681.9 KAH 1988 |
| 100 | 1 |
_aKahari, George P. _eauthor |
|
| 245 | 1 | 0 |
_aHerbert W. Chitepo's epic poem--Soko risina musoro (The tale without a head) : _ba critique / _cGeorge P. Kahari. |
| 264 |
_aZimbabwe: _bLongman, _c1988 |
||
| 300 | _a66 p. ; | ||
| 500 | _aIncludes bibliographical references | ||
| 504 | _aIncludes bibliographical references | ||
| 650 | _aNovel | ||
| 700 | 1 | 2 |
_aChitepo, H. W. _tSoko risina muroso. _lEnglish & Shona. |
| 942 |
_2lcc _cBK _h8681.9 _iKAH _kPL |
||